000 00234nam a22000857a 4500
999 _c11452
_d11452
008 190524b ||||| |||| 00| 0 eng d
020 _a9789386365194
100 _97175
_aKUMAR MANOJ
245 _aGREAT NATIONALIST OF INDIALAL BAHADUR SHASTRI